| 000 | 00974cam a22003014a 4500 | ||
|---|---|---|---|
| 001 | 13676643 | ||
| 005 | 20131203095130.0 | ||
| 008 | 040804t2005 xxka frb 001 0 eng | ||
| 010 | _a 2004056526 | ||
| 020 | _a1852338814 | ||
| 020 | _a9781852338817 | ||
| 040 |
_aDLC _cDLC _dDLC |
||
| 042 | _apcc | ||
| 050 | 0 | 0 |
_aQA76.9.O35 _bV35 2005 |
| 082 | 0 | 0 |
_a005.117 _223 _bVAL |
| 245 | 0 | 0 |
_aValidated designs for object-oriented systems / _cJohn Fitzgerald ... [et al.]. |
| 260 |
_aLondon : _bSpringer, _cc.2005. |
||
| 300 |
_axii, 402 p. : _bill. ; _c24 cm. |
||
| 500 | _a"With 89 figures." | ||
| 504 | _aIncludes bibliographical references (p. 383-385) and index. | ||
| 650 | 0 |
_aObject-oriented methods (Computer science) _934507 |
|
| 650 | 0 |
_aFormal methods (Computer science) _929211 |
|
| 650 | 0 |
_aSystem design. _934508 |
|
| 653 |
_bCS _cDecember2013 |
||
| 655 |
_vreading book _934232 |
||
| 700 | 1 |
_aFitzgerald, John, _d1965- _934509 |
|
| 942 |
_2ddc _cBB _k005.117 VAL |
||
| 999 |
_c17772 _d17744 |
||